| 000 | 00718nam a22002297a 4500 | ||
|---|---|---|---|
| 005 | 20170124105956.0 | ||
| 010 | _a712743 | ||
| 020 | _c00.00 | ||
| 035 | _a712743 | ||
| 037 | _bCen Lib/Ret | ||
| 040 |
_aDPL _bEN |
||
| 082 |
_a331 _bGUR |
||
| 100 |
_aGurbakhs,Singh _914735 |
||
| 245 |
_aIndustrial disputes and machinery for settlement in India / _cby Gurbakhs Singh |
||
| 260 |
_aNew Delhi _bArnold-Heinemann India _c1973 |
||
| 270 |
_aAB/9,Safdarjung enclave _bNew Delhi _e110016 |
||
| 300 |
_a78p. _c21cm(Hb) |
||
| 500 | _aIncludes bibliographical reference | ||
| 650 |
_andustrial relations _zIndia _914736 |
||
| 650 |
_aLabor laws and legislation _98613 |
||
| 942 |
_2ddc _cEN _h331 _mGUR |
||
| 999 |
_c125549 _d125549 |
||